Responses for show #5118 - Wednesday, December 6, 2006

Christian Haines game 1.

Contestants

Sean Gilsdorf, a college teacher from Amherst, Massachusetts

Christian Haines, a Congressional special assistant from Newport News, Virginia

Linda Flink, a healthcare consultant from Scottsdale, Arizona (whose 1-day cash winnings total $8,201)

Jeopardy! Round responses

BOOKS ABOUT AUTHORS
WOMEN OF COUNTRY
FLOWER ARRANGING
NAME THE DECADE
AN URBAN LEGEND SAYS...
"MIND" GAMES
    $200 1
(Harriet Beecher) Stowe

Christian
    $200 6
Faith Hill

Christian
    $200 8
bud

Sean
    $200 9
(Sean: What's the 11th century? Oh, pardon me, what is the 11... 60s?)
...
(Alex: [*], yes. Sean confused himself on that one.)

the 1060s

ChristianSean
    $200 15
Paul McCartney

Sean
    $200 10
mind reading

Christian
    $400 2
Mark Twain

Sean
    $400 7
Reba McEntire

Sean
    $400 27
(Christian: What are thorns?)

petals

LindaChristian
    $400 16
the 1970s

Sean
    $400 20
Gerber

Sean
    $400 11
little minds

Christian
    $600 3
Machiavelli

Christian
    $600 24
Dolly Parton

Christian
    $600 28
(Christian: What are veins?)
...
(Alex: Same as in humans. What are [*]?)

capillaries

Christian
Triple Stumper
    $600 17
the 1940s

Sean
    $600 21
Walt Disney

Christian
    $600 12
A Beautiful Mind

Christian
    $1,000 4
(Christian: Who is Shelley?)
(Alex: Oh, you picked the wrong one.)

Lord Byron

Christian
    $800 25
(Carrie) Underwood

Christian
    $800 29
(Sean: What is flower arranging, [*]?)

Ikebana

Sean
    $800 18
the 1920s

Sean
    $800 22
Ozzy Osbourne

Sean
    $800 13
Meeting Of Minds

Triple Stumper
    $1000 5
(Izaak) Walton

Linda
    $1000 26
Patsy Cline

Christian
    $1000 30
oasis foam

Christian
    $1000 19
the 1890s

Triple Stumper
    $1000 23
(Alex: [As [*]]: Wouldja like to be my neighbor?)
[Laughter]

Mister Rogers

Linda
    $1000 14
Mindanao

Christian

Scores at the first commercial break (after clue 15):

Linda Christian Sean
$1,000 $2,400 $1,000

Scores at the end of the Jeopardy! Round:

Linda Christian Sean
$2,400 $5,400 $4,800

Double Jeopardy! Round responses

MILITARY MEN
A STEVE McQUEEN FILM FESTIVAL
LAST NAME'S THE SAME
DIAGNOSTIC PROCEDURES
CANADIAN GEOGRAPHY, EH?
12-LETTER WORDS
    $400 6
(Christian: What is 4?)

5

ChristianSean
    $400 14
The Great Escape

Christian
    $400 1
Rooney

Christian
    $400 19
strep

Linda
    $400 11
(Sean: What is the Pacific?)
(Linda: What is the Atlantic?)
...
(Alex: [*], yes, it flows in a northerly direction.)

the Arctic

LindaChristianSean
    $400 30
unemployment

Christian
    $800 7
Tripoli

Sean
    $800 15
The Blob

Christian
    $2,000 2
Bolton

Christian
    $800 20
osteoporosis

Sean
    $800 12
Lake Manitoba

Christian
    $800 26
glassblowing

Sean
    $1200 8
Eisenhower

Triple Stumper
    $1200 16
Papillon

Christian
    $1200 3
Grey

Sean
    $1200 21
the carotids

Sean
    $1200 13
(Linda: What are the Rockies?)

the Canadian Shield

Linda
Triple Stumper
    $1200 27
emancipation

Sean
    $1600 9
the Seabees

Sean
    $1600 17
The Thomas Crown Affair

Linda
    $1600 4
Douglas

Linda
    $2,000 22
(Sean: What is pneumo?)

pulmonary

Sean
    $1600 23
(Sean: What is Quebec?)

Newfoundland

LindaSean
    $1600 28
the breaststroke

Christian
    $2000 10
(Christian: Who is Farragut?)

Charles Gridley

Christian
Triple Stumper
    $2000 18
The Sand Pebbles

Triple Stumper
    $2000 5
Chase

Christian
    $2000 24
an MRI

Christian
    $2000 25
Nunavut

Sean
    $2000 29
the harbormaster

Christian

Scores at the end of the Double Jeopardy! Round:

Linda Christian Sean
$6,000 $17,000 $10,800

[wagering suggestions for these scores]

Final Jeopardy! Round responses

FAMOUS NEW YORKERS
LindaWho is John Rockefeller?
$6,000
SeanWho was J. D. Rockefeller
$6,000
ChristianWho is R[scribble]ockefeller
$4,999
John D. Rockefeller

Final scores:

Linda Christian Sean
$12,000 $21,999 $16,800
3rd place: $1,000 New champion: $21,999 2nd place: $2,000

Game dynamics:

Coryat scores:

Linda Christian Sean
$6,000 $16,800 $12,800
7 R,
2 W
25 R
(including 1 DD),
5 W
(including 1 DD)
19 R,
4 W
(including 1 DD)

Combined Coryat: $35,600

The J! Archive is created by fans, for fans. The Jeopardy! game show and all elements thereof, including but not limited to copyright and trademark thereto, are the property of Jeopardy Productions, Inc. and are protected under law. This website is not affiliated with, sponsored by, or operated by Jeopardy Productions, Inc. Join the discussion at JBoard.tv.